La navegación submarina : (Record no. 160108)

MARC details
000 -LEADER
campo de control de longitud fija 01090nam a2200241 i 4500
001 - NÚMERO DE CONTROL
campo de control 160108
003 - IDENTIFICADOR DE NÚMERO DE CONTROL
campo de control ES-MaACL
005 - FECHA Y HORA DE LA ÚLTIMA TRANSACCIÓN
campo de control 20230906211933.0
008 - DATOS DE LONGITUD FIJA--INFORMACIÓN GENERAL
campo de control de longitud fija 990427q1868 sp |||| | spa d
080 ## - NÚMERO DE LA CLASIFICACIÓN DECIMAL UNIVERSAL
Número de la Clasificación Decimal Universal 629.127
100 1# - ENTRADA PRINCIPAL--NOMBRE DE PERSONA
Nombre de persona Monturiol, Narciso.
9 (RLIN) 82760
245 13 - MENCIÓN DEL TÍTULO
Título La navegación submarina :
Resto del título memoria leída por el inventor del ictíneo en la Junta General de 12 de enero de 1868 /
Mención de responsabilidad, etc. [Narciso Monturiol].
260 ## - PUBLICACIÓN, DISTRIBUCIÓN, ETC.
Lugar de publicación, distribución, etc. [Barcelona :
Nombre del editor, distribuidor, etc. s.n.,
Fecha de publicación, distribución, etc. 1868]
300 ## - DESCRIPCIÓN FÍSICA
Extensión 22 p. ;
Dimensiones 26 cm.
510 4# - NOTA DE CITAS O REFERENCIAS BIBLIOGRÁFICAS
Nombre de la fuente Palau,
Localización dentro de la fuente t. X, 179869
530 ## - NOTA DISPONIBLE DE FORMULARIO FÍSICO ADICIONAL
Nota de formato físico adicional disponible Disponible en formato digital.
594 ## - Nota al título y mención de responsabilidad
Nota al título y mención de responsabilidad El autor consta en fin de texto
596 ## - NOTA AL PIE DE IMPRENTA
NOTA AL PIE DE IMPRENTA Texto fechado en Barcelona, 12 de enero de 1868.
650 #4 - PUNTO DE ACCESO ADICIONAL DE MATERIA--TÉRMINO DE MATERIA
Término de materia o nombre geográfico como elemento de entrada Submarinos.
9 (RLIN) 155749
852 4# - LOCALIZACIÓN
Ubicación ES-MaACL
Número de control de estantería T-60-F-10
Nota libre - Enc. hol., falto de port.
-- - Enc. en un vol. facticio
852 4# - LOCALIZACIÓN
Ubicación ES-MaACL
Número de control de estantería T-65-F-7
Nota libre - Enc. hol., falto de port.
-- - Enc. en un vol. facticio
856 4# - LOCALIZACIÓN Y ACCESO ELECTRÓNICOS
Identificador Uniforme de Recursos <a href="http://www.bibgirona.cat/pandora/viewer.vm?id=0000645641 ">http://www.bibgirona.cat/pandora/viewer.vm?id=0000645641 </a>
Nota pública Digitalización y difusión del patrimonio bibliográfico y hemerográfico de la provincia de Girona
Holdings
Estatus retirado Estado de pérdida Estado de daño No para préstamo Colección Biblioteca de origen Biblioteca actual Ubicación en estantería Fecha de adquisición Total de préstamos Signatura topográfica completa Código de barras Visto por última vez Precio de reemplazo Tipo de ítem Koha
        Colección de folletos Biblioteca del Ateneo de Madrid Biblioteca del Ateneo de Madrid Depósito folletos 17/01/2008   T-65-F-7 1167623 23/02/2023 23/02/2023 Folleto
        Colección de folletos Biblioteca del Ateneo de Madrid Biblioteca del Ateneo de Madrid Depósito folletos 17/01/2008   T-60-F-10 1167622 23/02/2023 23/02/2023 Folleto